| 000 | 00520nam a22001817a 4500 | ||
|---|---|---|---|
| 005 | 20251108172531.0 | ||
| 008 | 250721s9999 xx 000 0 ara d | ||
| 082 | 1 | 4 | _a618.1/لين |
| 100 | 1 | _aلينة، بسام شبارو | |
| 245 | 1 | 0 | _aدليل الحمل والولادة / |
| 264 | 1 |
_aبيروت : _bالدار العربية للعلوم، |
|
| 300 | _a91 ص | ||
| 650 | 1 | 7 | _aالحمل |
| 650 | 1 | 7 | _aرعاية الحوامل |
| 650 | 1 | 7 | _aالمرأة الحامل |
| 942 |
_2ddc _cBK |
||
| 999 |
_c81809 _d81809 |
||